[Event "Schachfestival"]
[Site "Bad WÃ¶rishofen"]
[Date "2011.03.31"]
[Round "9.30"]
[White "Wörl, Richard"]
[Black "Krulich, Roman"]
[Result "1-0"]
[WhiteElo "2005"]
[BlackElo "2225"]
[PlyCount "89"]
[EventDate "2011.??.??"]

1. e4 c5 2. Be2 Nc6 3. c3 d5 4. exd5 Qxd5 5. Bf3 Qd7 6. Qa4 Ne5 7. Qxd7+ Bxd7
8. Be4 Nf6 9. d4 cxd4 10. cxd4 Nxe4 11. dxe5 Nc5 12. Nc3 Nd3+ 13. Ke2 Nxe5 14.
f4 Nc6 15. Nf3 O-O-O 16. Be3 e6 17. Ng5 Be8 18. Rhd1 Rxd1 19. Rxd1 f6 20. Nf3
Bh5 21. Nb5 a6 22. Na7+ Kc7 23. Nxc6 bxc6 24. h3 Bxf3+ 25. Kxf3 Be7 26. Bd2 c5
27. Ba5+ Kc6 28. Re1 Kd7 29. Rd1+ Bd6 30. g4 Kc6 31. Re1 Kd7 32. Rd1 h5 33. g5
Kc6 34. gxf6 gxf6 35. Rg1 e5 36. Bd2 Re8 37. Rg6 e4+ 38. Ke3 f5 39. Bc3 Kd5 40.
Rf6 Rf8 41. Rg6 c4 42. Rxd6+ Kc5 43. Rxa6 Rg8 44. Ra5+ Kd6 45. Rxf5 1-0

[Event "Schachfestival"]
[Site "Bad WÃ¶rishofen"]
[Date "2011.03.31"]
[Round "9.36"]
[White "Sakowski, Christian"]
[Black "Klamp, Christoph"]
[Result "0-1"]
[WhiteElo "1936"]
[BlackElo "2118"]
[PlyCount "62"]
[EventDate "2011.??.??"]

1. e4 c5 2. Ne2 d6 3. Nbc3 a6 4. d3 g6 5. g3 Bg7 6. Bg2 Nc6 7. O-O e6 8. b3
Nge7 9. Bb2 O-O 10. a4 Rb8 11. Qd2 Qa5 12. Rfd1 Qc7 13. Rdb1 b6 14. Nd1 Nd4 15.
Nxd4 cxd4 16. c4 dxc3 17. Bxc3 Bb7 18. Bxg7 Kxg7 19. Qc3+ Qxc3 20. Nxc3 Rfc8
21. Rc1 Nc6 22. Ne2 Nb4 23. d4 Nc2 24. Rab1 Rc7 25. e5 d5 26. f4 Rbc8 27. Kf2
a5 28. Rd1 Ba6 29. Ng1 Nxd4 30. Nf3 Ne2 31. Rd2 Nc3 0-1

[Event "Schachfestival"]
[Site "Bad WÃ¶rishofen"]
[Date "2011.03.31"]
[Round "9.38"]
[White "Fiedler, Wolfgang"]
[Black "Vrana, Frantisek"]
[Result "1/2-1/2"]
[WhiteElo "2070"]
[BlackElo "2305"]
[PlyCount "33"]
[EventDate "2011.??.??"]

1. Nf3 Nf6 2. g3 d5 3. Bg2 c6 4. d3 Bf5 5. Nbd2 h6 6. c3 e6 7. Nd4 Bh7 8. e4
Nbd7 9. Qe2 dxe4 10. dxe4 Qc7 11. O-O Be7 12. Re1 Nc5 13. N4b3 Rd8 14. Nxc5
Bxc5 15. Nb3 Be7 16. f3 O-O 17. Be3 1/2-1/2

[Event "Schachfestival Senioren"]
[Site "Bad Woerishofen"]
[Date "2011.03.31"]
[Round "9.8"]
[White "Weinwurm, Wolfgang"]
[Black "Rychlik, Kurt"]
[Result "1-0"]
[WhiteElo "2202"]
[BlackElo "2106"]
[PlyCount "37"]
[EventDate "2011.??.??"]

1. e4 c5 2. Nf3 e6 3. d4 cxd4 4. Nxd4 Nf6 5. Nc3 Bb4 6. e5 Qc7 7. exf6 Bxc3+ 8.
bxc3 Qxc3+ 9. Qd2 Qxa1 10. c3 Nc6 11. Nb5 gxf6 12. Be2 d5 13. O-O Rb8 14. Ba3
Qxf1+ 15. Kxf1 a6 16. Nd6+ Kd7 17. Qh6 Kc7 18. Nxf7 Bd7 19. Bd6+ 1-0

[Event "Schachfestival Senioren"]
[Site "Bad Woerishofen"]
[Date "2011.03.31"]
[Round "9.19"]
[White "Diete, Günter"]
[Black "Straub, Peter"]
[Result "1/2-1/2"]
[WhiteElo "1950"]
[BlackElo "2108"]
[PlyCount "59"]
[EventDate "2011.??.??"]

1. e4 c5 2. Nf3 e6 3. b3 Nf6 4. d3 d5 5. exd5 exd5 6. Be2 Bd6 7. O-O O-O 8. Bb2
d4 9. Nbd2 Nc6 10. Ne4 Re8 11. Nxd6 Qxd6 12. Qd2 Nd5 13. Ng5 Bf5 14. Bf3 Ne5
15. Bxd5 Qxd5 16. f3 h6 17. Ne4 Re6 18. Rae1 Rg6 19. Ng3 Bd7 20. Re2 h5 21.
Nxh5 Nxf3+ 22. Rxf3 Qxf3 23. Nf4 Rg4 24. Bc1 Re8 25. Rxe8+ Bxe8 26. h3 Rg3 27.
Kh2 Qe3 28. Qxe3 Rxe3 29. Bxe3 dxe3 30. Kg1 1/2-1/2

[Event "Schachfestival Senioren"]
[Site "Bad Woerishofen"]
[Date "2011.03.31"]
[Round "9.43"]
[White "Oser, Thor"]
[Black "Rüggeberg, Wilhelm"]
[Result "0-1"]
[WhiteElo "1775"]
[BlackElo "1918"]
[PlyCount "32"]
[EventDate "2011.??.??"]

1. e4 c5 2. Nf3 Nc6 3. d4 cxd4 4. Nxd4 Nf6 5. Nc3 a6 6. Be3 d6 7. Be2 Bd7 8.
O-O e6 9. Nb3 Qc7 10. f3 Be7 11. Na4 O-O 12. Nb6 Rad8 13. Nxd7 Rxd7 14. c3 d5
15. exd5 Nxd5 16. Qc1 Qe5 0-1

[Event "Schachfestival Senioren"]
[Site "Bad Woerishofen"]
[Date "2011.03.31"]
[Round "9.59"]
[White "Jurgan, Brigitte"]
[Black "Westermayer, Johan"]
[Result "1/2-1/2"]
[WhiteElo "1518"]
[BlackElo "1684"]
[PlyCount "33"]
[EventDate "2011.??.??"]

1. d4 Nf6 2. Nf3 d5 3. g3 c6 4. c3 Bf5 5. Bg5 e6 6. Bxf6 Qxf6 7. Nbd2 Qd8 8.
Bg2 Nd7 9. O-O c5 10. Nb3 c4 11. Nbd2 b5 12. Re1 Be7 13. e4 dxe4 14. Nxe4 Nb6
15. Nc5 Bxc5 16. dxc5 Qxd1 17. Raxd1 1/2-1/2

[Event "Schachfestival Senioren"]
[Site "Bad Woerishofen"]
[Date "2011.03.31"]
[Round "9.1"]
[White "Goy, Udo"]
[Black "Krieger, Hermann"]
[Result "0-1"]
[WhiteElo "2199"]
[BlackElo "2172"]
[PlyCount "82"]
[EventDate "2011.??.??"]

1. d4 f5 2. Nf3 Nf6 3. g3 g6 4. Bg2 Bg7 5. O-O O-O 6. c4 d6 7. Nc3 Qe8 8. d5
Na6 9. Nd4 Bd7 10. e4 fxe4 11. Nxe4 Nxe4 12. Bxe4 c6 13. Bg2 Nc7 14. Be3 e5 15.
dxe6 Nxe6 16. Qd2 Qf7 17. Rac1 Rad8 18. Ne2 b6 19. b4 Be8 20. Nc3 Kh8 21. a3
Qf5 22. Rfd1 c5 23. Qd3 Nd4 24. Qxf5 Rxf5 25. Kf1 Bf7 26. Nd5 b5 27. g4 Re5 28.
Bxd4 cxd4 29. f4 Ree8 30. cxb5 Bxd5 31. Bxd5 Re3 32. Rd2 Rf8 33. Rf2 Rxa3 34.
Rc6 d3 35. Ra6 Rc3 36. Rxd6 Bd4 37. Rf3 Rc1+ 38. Kg2 d2 39. Bb3 d1=Q 40. Bxd1
Rxd1 41. h4 Re8 0-1

[Event "Schachfestival Senioren"]
[Site "Bad Woerishofen"]
[Date "2011.03.31"]
[Round "9.32"]
[White "Storkebaum, Karl-Heinrich"]
[Black "Aufmwasser, Günter"]
[Result "0-1"]
[WhiteElo "1981"]
[BlackElo "1796"]
[PlyCount "48"]
[EventDate "2011.??.??"]

1. d4 Nf6 2. Nf3 g6 3. c4 Bg7 4. Nc3 O-O 5. e4 d6 6. Be2 e5 7. O-O Nc6 8. d5
Nd4 9. Nxd4 exd4 10. Qxd4 Ne8 11. Qd3 f5 12. f3 f4 13. Rb1 g5 14. b4 Nf6 15.
Nb5 Bd7 16. Nd4 Qe8 17. Bb2 Nh5 18. Nf5 Bxf5 19. exf5 Bxb2 20. Rxb2 Qe5 21. Qd2
Rae8 22. Bd3 Qe3+ 23. Kh1 Rf6 24. Qc3 Ng3+ 0-1

[Event "Schachfestival Nestoren"]
[Site "Bad Woerishofen"]
[Date "2011.03.31"]
[Round "9.3"]
[White "Lainburg, Viktor"]
[Black "Toubartz, Heinz"]
[Result "1-0"]
[WhiteElo "2190"]
[BlackElo "1734"]
[PlyCount "75"]
[EventDate "2011.??.??"]

1. Nf3 Nf6 2. b3 d5 3. Bb2 g6 4. g3 Bg7 5. Bg2 c6 6. O-O O-O 7. d3 Re8 8. Nbd2
Na6 9. c4 Bg4 10. h3 Bd7 11. a3 Qc8 12. Kh2 Ng4+ 13. hxg4 Bxb2 14. Ra2 Bg7 15.
g5 Nc7 16. e3 e5 17. Qe2 Qd8 18. cxd5 Nxd5 19. Ne4 Bf5 20. Nfd2 Nc7 21. Nc4 Bf8
22. Nf6+ Kg7 23. Nxe8+ Qxe8 24. Na5 e4 25. Bxe4 Bxe4 26. dxe4 Qxe4 27. Qc4 Qf3
28. Qf4 Qh5+ 29. Kg2 Ne6 30. Qh4 Qxg5 31. Qxg5 Nxg5 32. Nxb7 Rb8 33. Na5 Rb5
34. Nxc6 Bc5 35. b4 Bb6 36. a4 Rd5 37. a5 Rd6 38. axb6 1-0

[Event "Schachfestival Nestoren"]
[Site "Bad Woerishofen"]
[Date "2011.03.31"]
[Round "9.4"]
[White "Bräu, Ludwig"]
[Black "Meinhardt, Günter"]
[Result "1-0"]
[WhiteElo "2005"]
[BlackElo "1880"]
[PlyCount "59"]
[EventDate "2011.??.??"]

1. c4 e5 2. g3 d6 3. Bg2 c6 4. d4 exd4 5. Qxd4 Be6 6. Nc3 Qf6 7. Qd3 Nd7 8. b3
d5 9. cxd5 cxd5 10. Nf3 Bb4 11. Bd2 Rc8 12. Rc1 Ba3 13. Rd1 Ne7 14. Nb5 Bf5 15.
Qd4 Qa6 16. Nxa3 Qxa3 17. Bb4 Qxa2 18. Bxe7 Kxe7 19. Qxd5 Be6 20. Qd6+ Ke8 21.
O-O Qxb3 22. Rc1 Rc6 23. Rxc6 bxc6 24. Nd4 Qb8 25. Qxc6 Qb6 26. Qc8+ Qd8 27.
Rc1 Nb6 28. Qc5 Bd7 29. Rc3 Na4 30. Re3+ 1-0

[Event "Schachfestival Nestoren"]
[Site "Bad Woerishofen"]
[Date "2011.03.31"]
[Round "9.7"]
[White "Möckel, Edgar"]
[Black "Rudolph, Joachim"]
[Result "1-0"]
[WhiteElo "1935"]
[BlackElo "1843"]
[PlyCount "43"]
[EventDate "2011.??.??"]

1. d4 e6 2. c4 Nf6 3. Nc3 b6 4. Nf3 Bb7 5. g3 Be7 6. Bg2 d6 7. O-O Nbd7 8. Re1
c5 9. e4 cxd4 10. Nxd4 Qb8 11. Qe2 O-O 12. Bd2 Qc8 13. Rac1 Rb8 14. Bg5 Qd8 15.
Qd2 a6 16. a3 Ne8 17. Bxe7 Qxe7 18. b4 Qd8 19. Qe2 Qf6 20. Nf3 Nc7 21. Red1 e5
22. Qd3 {Sd7 berührt} 1-0